Statistics for Biggest Cities of Roman North Africa with a Map

Click here to take the quiz!

General Stats

  • This quiz has been taken 225 times
  • The average score is 22 of 96

Answers on the Map

Answers color-coded by a green-red scale on the quiz's map according to % correct below.
 

Answer Stats

PopulationCities% Correct
300kCarthage
(Tunis)
99%
500kAlexandria
97%
10kOea
(Tripoli)
91%
15kHeliopolis
(Cairo)
88%
10kIcosium
(Algiers)
86%
15kThebes
(Luxor)
85%
30kTingis
(Tangier)
78%
10kBerenice
(Benghazi)
77%
125kMemphis
(Mit Rathina)
70%
30kCirta
(Constantine)
56%
30kSyene
(Aswan)
55%
30kHadrumetum
(Sousse)
45%
25kCyrene
(Shahhat)
41%
90kLeptis Magna
(Al-Khums)
37%
20kVolubilis
(Meknes)
36%
10kHippo Regius
(Annaba)
34%
10kLeptis Minus
(Lemta)
33%
15kLycopolis
(Asyut)
32%
10kHippo Diarrhytus
(Bizerte)
30%
65kCaesarea Mauritaniae
(Cherchell)
29%
45kArsinoë in Arcadia
(Faiyum)
27%
10kUtica
(Zana)
22%
25kBubastis
(Zagazig)
21%
15kHermopolis Mikra
(Damanhur)
21%
15kPtkheka
(Tanta)
21%
45kThysdrus
(El Djem)
20%
15kApollonopolis Magna
(Edfu)
18%
30kPtolemais
(Tolmeita)
18%
125kPtolemais Hermiou
(El Mansha)
18%
10kSitifis
(Sétif)
18%
10kThamugadi
(Timgad)
18%
10kCillium
(Kasserine)
17%
35kHermopolis Magna
(Tall al-Ashmunein)
17%
15kHermopolis Parva
(Baqliya)
17%
10kSabratha
17%
15kSais
(Sa el-Hagar)
17%
30kTanis
(Tell Abu Seifa)
17%
35kAthribis
(Tell Atrib)
16%
15kAbydos
(El Araba El Madfuna)
15%
10kAuzia
(Sour El-Ghozlane)
15%
30kHeracleopolis Magna
(Ihnasiya)
15%
30kOxyrhynchus
(Al-Bahnasa)
15%
20kRusicade
(Skikda)
15%
15kSicca Veneria
(El Kef)
15%
10kThapsus
(Bekalta)
15%
10kTheveste
(Tébessa)
15%
10kTipasa
(Tipaza)
15%
20kAphroditopolis
(Aftih)
14%
10kBulla Regia
(Jendouba)
14%
20kHibis
(Kharga)
14%
10kSufetula
(Sbeitla)
14%
10kThagaste
(Souk Ahras)
14%
35kAntinoöpolis
(El Sheikh Ibada)
13%
15kThugga
13%
15kXois
(Sakha)
13%
10kCalama
(Guelma)
12%
10kCartenna
(Ténès)
12%
15kCoptos
(Qift)
12%
10kGigthi
(Boughrara)
12%
15kLetopolis
(Ausim)
12%
10kMeninx
(El Kantara)
12%
10kThabraca
(Tabarka)
12%
10kThuburbo Maius
(El Fahs)
12%
15kDiospolis Parva
(Tell al-Balamun)
11%
10kLambaesis
(Tazoult)
11%
15kLeontopolis
(Kafr Al Muqdam)
11%
15kLeontopolis Tanis
(El Husseiniya)
11%
10kMactaris
(Maktar)
11%
10kMadauros
(M'Daourouch)
11%
15kAlabastronopolis
(El Hiba)
10%
15kApis
(Kom el-Hisn)
10%
10kCuicul
(Djémila)
10%
15kCusae
(El Quseyya)
10%
15kCynopolis
(Al Qays)
10%
10kDiana Veteranorum
(Aïn Zana)
10%
15kHierakonpolis
(Al Boseilah Qebli)
10%
15kHypselis
(Shutb)
10%
15kMendes
(Tell al-Rub)
10%
15kPanopolis
(Akhmim)
10%
10kSullecthum
(Salakta)
10%
15kTentyra
(Dendera)
10%
10kThelepte
10%
10kUthina
(Mornag)
10%
10kAcholla
(Ouled Bousmir)
9%
10kAlthiburos
(Ad Dahmani)
9%
10kAmmaedera
(Haïdra)
9%
15kAntaeopolis
(Qaw el-Kebir)
9%
15kHebenu
(Kom el-Ahmar)
9%
15kSebennytus
(Samannud)
9%
10kSimitthus
(Wadi Maliz)
9%
10kThenae
(Thyna)
9%
10kThuburnica
(Ouergech)
9%
10kThubursicum Bure
(Téboursouk)
9%
10kThubursicum Numidarum
(Khemissa)
9%
15kTiarabya
(Saft el-Hinna)
9%
10kTubusuctu
(El Kseur)
9%

Score Distribution

Percentile by Number Answered

Percent of People with Each Score

Your Score History

You have not taken this quiz